000 00698nam a2200289Ia 4500
005 20260324121636.0
008 008 260324s9999 xx 000 0 eng d
020 _a9781315601168
037 _aEBOOK
040 _aCRL
040 _beng
040 _cCRL
041 _2eng
041 _aeng
084 _qCRL
100 _aHoward J. Wiarda
_9999890
245 0 _aPolitical Culture, Political Science, and Identity Politics
245 3 _bAn Uneasy Alliance
260 _bTaylor and Francis
260 _c2014
365 _a
365 _b230
856 _uhttp://www.taylorfrancis.com/books/9781315601168
942 _cEBOOK
999 _c1755539
_d1755539